000 00456cam a2200181 4500
001 D8551
008 090401t1972 xxu||||| |||| 00| 0 eng d
035 _a(Sirsi) u13688
041 _aeng
050 _a526.902462
100 _aSchofield, W.
245 _aEngineering surveying: theory and examination problems for students
260 _aLondon
_bButterworths
_c1972
300 _a2v. illus. 23cm
350 _a0
942 _n0
948 _c04/03/1997
999 _c87135
_d87135